Wordt geladen...
Using Oracle 8
| Hoofdauteur: | |
|---|---|
| Formaat: | Printed Book |
| Gepubliceerd in: |
Prentice Hall Of India
1998
|
| LEADER | 00438nam a2200133 4500 | ||
|---|---|---|---|
| 020 | |a 81-203-1438-7 | ||
| 082 | |a 005.758 5 ORA 8 | ||
| 100 | |a Austin, David | ||
| 245 | |a Using Oracle 8 |c David Austin |h [Text] | ||
| 260 | |b Prentice Hall Of India |c 1998 | ||
| 300 | |a Book | ||
| 942 | |c BK | ||
| 999 | |c 82432 |d 82432 | ||
| 952 | |0 0 |1 0 |4 0 |6 005_758000000000000_5_ORA_8 |7 0 |9 74597 |a SOCS |b SOCS |d 2015-06-11 |g 275.00 |l 0 |o 005.758 5 ORA 8 |p SOCS1785 |r 2015-06-11 |w 2015-06-11 |y BK | ||